000 00596nam a22001937a 4500
003 OSt
005 20250721003745.0
008 250721b |||||||| |||| 00| 0 eng d
020 _a971-08-5192-6
040 _aDWCL-Main lib
_cOC
082 _aFil. 428 P415e 1992
100 _aPerez, Alfonzo
245 _aEnglish in a new perspective/
_cAlfonzo Perez
260 _aMandaluyong City, Phils. :
_b National book store,
_cc1992.
300 _a xvii, 198 p. ;
_c22 cm.
504 _aInclude bibliography
650 _a1. English language--Study and teaching.
942 _2ddc
_cBK - FIL
_kFil.
_n0
999 _c3789
_d3789